000 00639nam a2200181Ia 4500
008 151202s9999||||xx |||||||||||||| ||und||
082 _bPNVM-46180
100 _aभुर्के श्याम.
245 _aमंत्र श्रीमंतीचा.
260 _b"मेहता पब्लिशिंग हाऊस, पुणे."
260 _c2005
300 _a187
600 _aभुर्के श्याम.
630 _aमंत्र श्रीमंतीचा.
700 _aभुर्के श्याम.
730 _aमंत्र श्रीमंतीचा.
942 _cBOOK
999 _c1312130
_d1312127